Průmysl v České republice a Slovenské republice
Uložené v:
| Ďalší autori: | |
|---|---|
| Médium: | Kniha |
| Jazyk: | Czech |
| Vydavateľské údaje: |
Praha
Český Institut Aplikované Ekonomie
1994
|
| Vydanie: | 1. vyd. |
| Predmet: | |
| Tagy: |
Žiadne tagy, Buďte prvý, kto otaguje tento záznam!
|
MARC
| LEADER | 00000nam a2200000 4500 | ||
|---|---|---|---|
| 001 | c012006 | ||
| 005 | 20221205140957.1 | ||
| 041 | 0 | |a cze | |
| 044 | |a CZ | ||
| 245 | 1 | 0 | |a Průmysl v České republice a Slovenské republice |c [Z angl. prel.] Jaroslav Schejbal |
| 250 | |a 1. vyd. | ||
| 264 | 1 | |a Praha |b Český Institut Aplikované Ekonomie |c 1994 | |
| 300 | |a 163 s. | ||
| 610 | 2 | 0 | |a priemysel |
| 610 | 2 | 0 | |a Česko |
| 610 | 2 | 0 | |a Slovensko |
| 610 | 2 | 0 | |a hospodárstvo trhové |
| 610 | 2 | 0 | |a politika priemyselná |
| 610 | 2 | 0 | |a zmeny štruktúrne |
| 610 | 2 | 0 | |a transformácia |
| 610 | 2 | 0 | |a privatizácia |
| 700 | 1 | |a Schejbal, Jaroslav | |